| 000 | 00487nam a2200169 i 4500 | ||
|---|---|---|---|
| 001 | 112092 | ||
| 003 | ES-MaACL | ||
| 005 | 20230906185433.0 | ||
| 007 | t| | ||
| 008 | 061121s1930 ag r ||||1| spa d | ||
| 100 | 1 |
_aNavarro Monzó, Julio. _985150 |
|
| 245 | 1 | 3 |
_aLa metafísica del cristianismo / _cJulio Navarro Monzó. |
| 260 |
_aBuenos Aires : _bMundo Nuevo, _c1930 ( _fImp. Fernández) |
||
| 300 |
_a132 p. ; _c19 cm. |
||
| 852 |
_aES-MaACL _jF-13983 |
||
| 852 |
_aES-MaACL _jA-972 |
||
| 999 |
_c112092 _d112092 |
||